[Event "SS Manhem GM"]
[Site "Molnlycke SWE"]
[Date "2019.08.14"]
[Round "7.4"]
[White "Lindgren, Philip"]
[Black "Golubka, Petro"]
[Result "1/2-1/2"]
[WhiteElo "2362"]
[BlackElo "2479"]
[WhiteFideId "-1"]
[BlackFideId "-1"]
[PlyCount "122"]
[GameId "2129404756300520"]
[EventDate "2019.08.10"]
[EventType "swiss"]
[EventRounds "9"]
[EventCountry "SWE"]
[EventCategory "8"]
[SourceTitle "10 Days #588"]
[Source "ChessMix"]
[SourceDate "2019.08.20"]
[SourceVersion "1"]
[SourceVersionDate "2019.08.20"]
[SourceQuality "1"]
[TimeControl "90+30"]
[WhiteClock "0:24:51"]
[BlackClock "0:01:39"]

1. c4 {[%emt 0:00:00]} Nf6 {[%emt 0:00:00]} 2. d4 {[%emt 0:00:00]} g6 {[%emt 0:00:00]} 3. Nc3 {[%emt 0:00:00]} d5 {[%emt 0:00:00]} 4. Nf3 {[%emt 0:00:00]} Bg7 {[%emt 0:00:00]} 5. Qb3 {[%emt 0:00:00]} dxc4 {[%emt 0:00:00]} 6. Qxc4 {[%emt 0:00:00]} O-O {[%emt 0:00:00]} 7. e4 {[%emt 0:00:00]} Na6 {[%emt 0:00:00]} 8. Be2 {[%emt 0:00:00]} c5 {[%emt 0:00:00]} 9. d5 {[%emt 0:00:00]} e6 {[%emt 0:00:00]} 10. O-O {[%emt 0:00:00]} exd5 {[%emt 0:00:00]} 11. exd5 {[%emt 0:00:00]} Bf5 {[%emt 0:00:00]} 12. Rd1 {[%emt 0:00:00]} Qb6 {[%emt 0:00:00]} 13. Nh4 {[%emt 0:00:00]} Bd7 {[%emt 0:00:00]} 14. Be3 {[%emt 0:00:00]} Rfe8 {[%emt 0:00:00]} 15. a3 {[%emt 0:00:00]} Rac8 {[%emt 0:00:00]} 16. h3 {[%emt 0:00:00]} h6 {[%emt 0:00:00]} 17. Nf3 {[%emt 0:00:00]} Bf5 {[%emt 0:00:00]} 18. Qb5 {[%emt 0:00:00]} Red8 {[%emt 0:00:00]} 19. Qxb6 {[%emt 0:00:00]} axb6 {[%emt 0:00:00]} 20. Rac1 {[%emt 0:00:00]} Nc7 {[%emt 0:00:00]} 21. g4 {[%emt 0:00:00]} Be4 {[%emt 0:00:00]} 22. d6 {[%emt 0:00:00]} Ne6 {[%emt 0:00:00]} 23. Nd2 {[%emt 0:00:00]} Bc6 {[%emt 0:00:00]} 24. Nc4 {[%emt 0:00:00]} Nd7 {[%emt 0:00:00]} 25. Bf1 {[%emt 0:09:26.30]} Nd4 {[%emt 0:00:00]} 26. Bg2 {[%emt 0:00:31]} Nb3 {[%emt 0:00:00]} 27. Rc2 {[%emt 0:01:28]} Nd4 {[%emt 0:00:00]} 28. Rcc1 {[%emt 0:00:17]} Nb3 {[%emt 0:00:00]} 29. Rc2 {[%emt 0:00:15]} b5 {[%emt 0:00:00]} 30. Nd2 {[%emt 0:00:33]} Nd4 {[%emt 0:00:00]} 31. Rcc1 {[%emt 0:02:41]} Ne5 {[%emt 0:00:00]} 32. Bxd4 {[%emt 0:00:55]} cxd4 {[%emt 0:00:00]} 33. Nd5 {[%emt 0:00:14]} Bf8 {[%emt 0:00:00]} 34. Ne7+ {[%emt 0:01:12]} Bxe7 {[%emt 0:00:00]} 35. dxe7 {[%emt 0:00:04]} Re8 {[%emt 0:00:00]} 36. Ne4 {[%emt 0:01:00]} Rxe7 {[%emt 0:00:00]} 37. Rxd4 {[%emt 0:00:41]} Kg7 {[%emt 0:00:00]} 38. Rc2 {[%emt 0:00:38]} Rcc7 {[%emt 0:01:09.30]} 39. f4 {[%emt 0:00:34]} Nc4 {[%emt 0:01:03]} 40. Kf2 {[%emt 0:00:28]} Rcd7 {[%emt 0:01:05]} 41. Rxd7 {[%emt 0:00:00]} Rxd7 {[%emt 0:00:00]} 42. Nc5 {[%emt 0:00:00]} Rd4 {[%emt 0:00:00]} 43. Bxc6 {[%emt 0:00:00]} bxc6 {[%emt 0:00:00]} 44. Kf3 {[%emt 0:00:00]} Rd5 {[%emt 0:00:00]} 45. Nb7 {[%emt 0:00:00]} f5 {[%emt 0:00:00]} 46. gxf5 {[%emt 0:00:00]} gxf5 {[%emt 0:00:00]} 47. a4 {[%emt 0:00:00]} Rd3+ {[%emt 0:00:00]} 48. Kf2 {[%emt 0:02:26]} Rxh3 {[%emt 0:00:00]} 49. Kg1 {[%emt 0:00:05]} Ne3 {[%emt 0:00:00]} 50. Rxc6 {[%emt 0:00:18]} bxa4 {[%emt 0:00:00]} 51. Nc5 {[%emt 0:00:41]} Ng4 {[%emt 0:00:00]} 52. Nxa4 {[%emt 0:01:59]} Rg3+ {[%emt 0:00:00]} 53. Kh1 {[%emt 0:00:13]} Rb3 {[%emt 0:00:00]} 54. Rb6 {[%emt 0:00:55]} Re3 {[%emt 0:00:00]} 55. Nc5 {[%emt 0:00:37]} Kf7 {[%emt 0:01:08]} 56. Kg2 {[%emt 0:00:24]} h5 {[%emt 0:00:21]} 57. Rb3 {[%emt 0:00:39]} Re2+ {[%emt 0:00:10]} 58. Kg3 {[%emt 0:00:08]} Rh2 {[%emt 0:00:16]} 59. Rb7+ {[%emt 0:00:43]} Kg6 {[%emt 0:01:49]} 60. Rb6+ {[%emt 0:00:12]} Kf7 {[%emt 0:00:04]} 61. Rb7+ {[%emt 0:00:04]} Kg6 {[%emt 0:00:04]} 1/2-1/2

[Event "SS Manhem GM"]
[Site "Molnlycke SWE"]
[Date "2019.08.15"]
[Round "8.5"]
[White "Golubka, Petro"]
[Black "Urkedal, Frode"]
[Result "1-0"]
[WhiteElo "2479"]
[BlackElo "2566"]
[WhiteFideId "-1"]
[BlackFideId "-1"]
[PlyCount "80"]
[GameId "2129404756300526"]
[EventDate "2019.08.10"]
[EventType "swiss"]
[EventRounds "9"]
[EventCountry "SWE"]
[EventCategory "8"]
[SourceTitle "10 Days #588"]
[Source "ChessMix"]
[SourceDate "2019.08.20"]
[SourceVersion "1"]
[SourceVersionDate "2019.08.20"]
[SourceQuality "1"]
[TimeControl "90+30"]
[WhiteClock "0:00:35"]
[BlackClock "0:13:37"]

1. e4 {[%emt 0:00:00]} e5 {[%emt 0:00:00]} 2. Nf3 {[%emt 0:00:00]} Nc6 {[%emt 0:00:00]} 3. Bb5 {[%emt 0:00:00]} a6 {[%emt 0:00:00]} 4. Ba4 {[%emt 0:00:00]} Nf6 {[%emt 0:00:00]} 5. O-O {[%emt 0:00:00]} Be7 {[%emt 0:00:00]} 6. Re1 {[%emt 0:00:00]} b5 {[%emt 0:00:00]} 7. Bb3 {[%emt 0:00:00]} O-O {[%emt 0:00:00]} 8. a4 {[%emt 0:00:00]} b4 {[%emt 0:00:00]} 9. d3 {[%emt 0:00:00]} d6 {[%emt 0:00:00]} 10. a5 {[%emt 0:00:00]} Rb8 {[%emt 0:00:00]} 11. Nbd2 {[%emt 0:00:00]} Na7 {[%emt 0:00:00]} 12. Nc4 {[%emt 0:00:00]} c5 {[%emt 0:00:00]} 13. c3 {[%emt 0:00:00]} Nc6 {[%emt 0:00:00]} 14. Be3 {[%emt 0:00:00]} Bg4 {[%emt 0:00:00]} 15. Bc2 {[%emt 0:00:00]} Be6 {[%emt 0:00:00]} 16. Nfd2 {[%emt 0:00:00]} Ng4 {[%emt 0:00:00]} 17. h3 {[%emt 0:00:00]} Nxe3 {[%emt 0:00:00]} 18. fxe3 {[%emt 0:00:00]} Kh8 {[%emt 0:00:00]} 19. Rf1 {[%emt 0:00:00]} g6 {[%emt 0:00:00]} 20. Kh1 {[%emt 0:00:00]} Bg5 {[%emt 0:00:00]} 21. Qf3 {[%emt 0:00:00]} f5 {[%emt 0:00:00]} 22. exf5 {[%emt 0:00:00]} d5 {[%emt 0:00:00]} 23. Ba4 {[%emt 0:00:00]} Rxf5 {[%emt 0:00:00]} 24. Qg3 {[%emt 0:00:00]} Bh4 {[%emt 0:00:00]} 25. Qh2 {[%emt 0:00:00]} dxc4 {[%emt 0:00:00]} 26. Bxc6 {[%emt 0:00:00]} cxd3 {[%emt 0:00:00]} 27. Rxf5 {[%emt 0:00:00]} Bxf5 {[%emt 0:00:00]} 28. e4 {[%emt 0:00:00]} bxc3 {[%emt 0:00:00]} 29. bxc3 {[%emt 0:00:00]} Bf6 {[%emt 0:00:49.30]} 30. exf5 {[%emt 0:00:00]} gxf5 {[%emt 0:00:03]} 31. Rf1 {[%emt 0:00:00]} Rb2 {[%emt 0:04:45]} 32. Nc4 {[%emt 0:00:00]} Re2 {[%emt 0:00:30]} 33. Qg1 {[%emt 0:00:00]} e4 {[%emt 0:03:59]} 34. Qxc5 {[%emt 0:00:00]} Qg8 {[%emt 0:03:48]} 35. Ne3 {[%emt 0:02:35.30]} d2 {[%emt 0:02:01]} 36. Qxf5 {[%emt 0:00:29]} Bxc3 {[%emt 0:00:23]} 37. Bd5 {[%emt 0:00:50]} Qd8 {[%emt 0:02:03]} 38. Bxe4 {[%emt 0:00:26]} Qg8 {[%emt 0:00:18]} 39. Nd5 {[%emt 0:02:19]} Bd4 {[%emt 0:00:45]} 40. Ne7 {[%emt 0:01:14]} Rxe4 {[%emt 0:01:31]} 1-0

[Event "SS Manhem GM"]
[Site "Molnlycke SWE"]
[Date "2019.08.16"]
[Round "9.3"]
[White "Vypkhaniuk, Ihor"]
[Black "Golubka, Petro"]
[Result "1/2-1/2"]
[WhiteElo "2405"]
[BlackElo "2479"]
[WhiteFideId "-1"]
[BlackFideId "-1"]
[PlyCount "24"]
[GameId "2129404756300529"]
[EventDate "2019.08.10"]
[EventType "swiss"]
[EventRounds "9"]
[EventCountry "SWE"]
[EventCategory "8"]
[SourceTitle "10 Days #588"]
[Source "ChessMix"]
[SourceDate "2019.08.20"]
[SourceVersion "1"]
[SourceVersionDate "2019.08.20"]
[SourceQuality "1"]
[TimeControl "90+30"]
[WhiteClock "1:23:18"]
[BlackClock "1:18:00"]

1. d4 {[%emt 0:00:00]} d5 {[%emt 0:00:00]} 2. c4 {[%emt 0:00:00]} c6 {[%emt 0:00:00]} 3. cxd5 {[%emt 0:00:00]} cxd5 {[%emt 0:00:00]} 4. Nc3 {[%emt 0:00:00]} Nf6 {[%emt 0:00:00]} 5. Bf4 {[%emt 0:00:00]} Nc6 {[%emt 0:00:00]} 6. Nf3 {[%emt 0:00:00]} Bf5 {[%emt 0:00:00]} 7. e3 {[%emt 0:00:00]} e6 {[%emt 0:00:00]} 8. Bd3 {[%emt 0:00:00]} Bxd3 {[%emt 0:00:00]} 9. Qxd3 {[%emt 0:00:00]} Bd6 {[%emt 0:00:00]} 10. Bxd6 {[%emt 0:00:00]} Qxd6 {[%emt 0:00:00]} 11. O-O {[%emt 0:00:00]} O-O {[%emt 0:00:00]} 12. Rac1 {[%emt 0:00:00]} Rfc8 {[%emt 0:00:00]} 1/2-1/2

[Event "EUR-ch Universities Rapid"]
[Site "Budapest HUN"]
[Date "2019.07.25"]
[Round "1.2"]
[White "Golubka, Petro"]
[Black "Popiol, Michal"]
[Result "1-0"]
[WhiteElo "2483"]
[BlackElo "2187"]
[WhiteFideId "-1"]
[BlackFideId "-1"]
[PlyCount "75"]
[GameId "2130307606181444"]
[EventDate "2019.07.25"]
[EventType "swiss (rapid)"]
[EventRounds "9"]
[EventCountry "HUN"]
[SourceTitle "10 Days #586"]
[Source "ChessMix"]
[SourceDate "2019.08.01"]
[SourceVersion "1"]
[SourceVersionDate "2019.08.01"]
[SourceQuality "1"]
[WhiteTeam "Lviv State University of Physical Cultur"]
[BlackTeam "AGH University of Science and Technology"]

1. e4 e6 2. d4 d5 3. Bd3 c5 4. c3 Nc6 5. Nf3 Nf6 6. e5 Nd7 7. O-O Be7 8. Be3 g5 9. dxc5 g4 10. Nd4 Ndxe5 11. Nxc6 bxc6 12. Bd4 Bf6 13. Re1 Nxd3 14. Qxd3 a5 15. Nd2 Ba6 16. Qg3 Bxd4 17. cxd4 h5 18. Qe5 Rh7 19. b3 Qb8 20. Qf5 Rh6 21. Qg5 Rg6 22. Qxh5 Kd7 23. Qe5 Qxe5 24. Rxe5 Rh8 25. f3 Rgh6 26. fxg4 Rxh2 27. Kf2 Rh1 28. Rxh1 Rxh1 29. Re1 Rxe1 30. Kxe1 f6 31. g5 e5 32. gxf6 e4 33. g4 Ke6 34. g5 Kf7 35. Kf2 Kg6 36. Ke3 Bc8 37. Kf4 Be6 38. Nf1 1-0

[Event "EUR-ch Universities Rapid"]
[Site "Budapest HUN"]
[Date "2019.07.25"]
[Round "3.1"]
[White "Golubka, Petro"]
[Black "Galburd, Yan"]
[Result "1-0"]
[WhiteElo "2483"]
[BlackElo "2429"]
[WhiteFideId "-1"]
[BlackFideId "-1"]
[PlyCount "93"]
[GameId "2130307606181454"]
[EventDate "2019.07.25"]
[EventType "swiss (rapid)"]
[EventRounds "9"]
[EventCountry "HUN"]
[SourceTitle "10 Days #586"]
[Source "ChessMix"]
[SourceDate "2019.08.01"]
[SourceVersion "1"]
[SourceVersionDate "2019.08.01"]
[SourceQuality "1"]
[WhiteTeam "Lviv State University of Physical Cultur"]
[BlackTeam "The Open University of Israel"]

1. e4 c6 2. d4 d5 3. e5 Bf5 4. Nc3 e6 5. g4 Bg6 6. Nge2 c5 7. h4 h6 8. Be3 Nc6 9. dxc5 Nxe5 10. Nd4 Nc6 11. f4 Nf6 12. f5 exf5 13. gxf5 Bh5 14. Be2 Qe7 15. Rh3 Bxe2 16. Qxe2 O-O-O 17. O-O-O Qd7 18. Ncb5 Ne4 19. Nxc6 bxc6 20. Nd4 Kb7 21. Nb3 Ka8 22. Bd4 Be7 23. Bxg7 Rhg8 24. Bxh6 Qxf5 25. Qa6 Rc8 26. Rh2 Nxc5 27. Qf1 Qg6 28. Be3 Ne4 29. h5 Qd6 30. Rh3 f5 31. h6 Rcf8 32. h7 Rh8 33. Rh6 Rf6 34. Rxf6 Bxf6 35. Qxf5 Qe5 36. Qxe5 Bxe5 37. Na5 Rxh7 38. Nxc6 Bf6 39. Nb4 Rb7 40. Nd3 d4 41. Bf4 Rb5 42. Re1 Nc5 43. Re8+ Kb7 44. Rb8+ Kc6 45. Nb4+ Rxb4 46. Rxb4 d3 47. Be3 1-0

[Event "EUR-ch Universities Rapid"]
[Site "Budapest HUN"]
[Date "2019.07.25"]
[Round "4.1"]
[White "Predke, Alexandr"]
[Black "Golubka, Petro"]
[Result "1-0"]
[WhiteElo "2632"]
[BlackElo "2483"]
[WhiteFideId "-1"]
[BlackFideId "-1"]
[PlyCount "95"]
[GameId "2130307606181460"]
[EventDate "2019.07.25"]
[EventType "swiss (rapid)"]
[EventRounds "9"]
[EventCountry "HUN"]
[SourceTitle "10 Days #586"]
[Source "ChessMix"]
[SourceDate "2019.08.01"]
[SourceVersion "1"]
[SourceVersionDate "2019.08.01"]
[SourceQuality "1"]
[WhiteTeam "Ural State Mining University"]
[BlackTeam "Lviv State University of Physical Cultur"]

1. e4 c5 2. Nc3 e6 3. Nf3 a6 4. d4 cxd4 5. Nxd4 d6 6. Be2 Nf6 7. Be3 Be7 8. O-O Nc6 9. f4 O-O 10. Kh1 Bd7 11. Nb3 b5 12. a3 Bc8 13. g4 Bb7 14. g5 Nd7 15. Rf3 f5 16. Rh3 g6 17. Bf3 Qc7 18. Qe2 Rae8 19. exf5 Rxf5 20. Kg1 Nf8 21. Ne4 Rf7 22. Nf2 d5 23. Ng4 Rxf4 24. Nh6+ Kg7 25. Bxf4 Qxf4 26. Rf1 Qxg5+ 27. Bg2 Bf6 28. Nc5 Bc8 29. c3 e5 30. Nf7 Kxf7 31. Rg3 Qh4 32. Bxd5+ Kg7 33. Bxc6 Rd8 34. Qf2 Ne6 35. Nxe6+ Bxe6 36. Qa7+ Kh6 37. Bg2 Bc8 38. Qc7 Bf5 39. Qb6 Rd2 40. Qe3+ Bg5 41. Qxe5 Rxb2 42. Qh8 Be7 43. Rxf5 Rxg2+ 44. Kxg2 Qe4+ 45. Rff3 Qe2+ 46. Rf2 Qe4+ 47. Rgf3 Qg4+ 48. Kh1 1-0

[Event "EUR-ch Universities Rapid"]
[Site "Budapest HUN"]
[Date "2019.07.26"]
[Round "5.2"]
[White "Golubka, Petro"]
[Black "Petrosyan, Tigran S"]
[Result "0-1"]
[WhiteElo "2483"]
[BlackElo "2448"]
[WhiteFideId "-1"]
[BlackFideId "-1"]
[PlyCount "102"]
[GameId "2130307606181468"]
[EventDate "2019.07.25"]
[EventType "swiss (rapid)"]
[EventRounds "9"]
[EventCountry "HUN"]
[SourceTitle "10 Days #586"]
[Source "ChessMix"]
[SourceDate "2019.08.01"]
[SourceVersion "1"]
[SourceVersionDate "2019.08.01"]
[SourceQuality "1"]
[WhiteTeam "Lviv State University of Physical Cultur"]
[BlackTeam "Armenian State University of Economics"]

1. e4 e5 2. Nf3 Nc6 3. Bb5 a6 4. Ba4 Nf6 5. O-O Be7 6. Re1 b5 7. Bb3 d6 8. c3 O-O 9. h3 Nb8 10. d3 Nbd7 11. Nbd2 Bb7 12. Bc2 Re8 13. b4 Bf8 14. Bb2 c5 15. a3 cxb4 16. axb4 d5 17. Nb3 Rc8 18. Na5 Ba8 19. Bb3 h6 20. Qb1 Qc7 21. Qa2 Nb6 22. Nd2 dxe4 23. Nxe4 Nfd5 24. Rad1 Kh8 25. Bxd5 Nxd5 26. Nb3 f5 27. Nec5 Nf4 28. f3 Qf7 29. Bc1 Bxc5+ 30. bxc5 Bd5 31. Qxa6 Bxb3 32. Rxe5 Bxd1 33. Bxf4 Ra8 34. Qxb5 Rxe5 35. Bxe5 Qg6 36. Qb7 Ra1 37. Kh2 Ra2 38. f4 Ba4 39. Qa8+ Kh7 40. Qd5 Rc2 41. Bd6 Rxc3 42. Qa2 Rxd3 43. Qxa4 Qg3+ 44. Kg1 Re3 45. Qd1 Re1+ 46. Qxe1 Qxe1+ 47. Kh2 Qe4 48. h4 g6 49. Kg3 h5 50. Kf2 Kg8 51. g3 Kf7 0-1

[Event "Bad Homburg op"]
[Site "Bad Homburg GER"]
[Date "2019.06.19"]
[Round "1"]
[White "Golubka, Petro"]
[Black "Haack, Karin"]
[Result "1-0"]
[WhiteElo "2498"]
[BlackElo "2033"]
[WhiteFideId "-1"]
[BlackFideId "-1"]
[PlyCount "53"]
[GameId "2130307608064993"]
[EventDate "2019.06.19"]
[EventType "swiss"]
[EventRounds "9"]
[EventCountry "GER"]

1. e4 c5 2. Nf3 d6 3. d4 cxd4 4. Nxd4 Nf6 5. Nc3 a6 6. Bg5 Nbd7 7. Bc4 e6 8. O-O b5 9. Bb3 Bb7 10. Re1 h6 11. Bh4 Qb6 12. Nxe6 fxe6 13. Bxe6 O-O-O 14. Bxf6 gxf6 15. a4 b4 16. a5 Qc5 17. Nd5 Bxd5 18. Bxd5 Ne5 19. Qe2 Qa7 20. Ra4 Kc7 21. Rxb4 Rb8 22. Rxb8 Kxb8 23. Qh5 Be7 24. Re3 Qd7 25. Rb3+ Ka7 26. Qe2 Qc8 27. Qe3+ 1-0

[Event "Bad Homburg op"]
[Site "Bad Homburg GER"]
[Date "2019.06.20"]
[Round "2"]
[White "Eckert, Marius"]
[Black "Golubka, Petro"]
[Result "0-1"]
[WhiteElo "2065"]
[BlackElo "2498"]
[WhiteFideId "-1"]
[BlackFideId "-1"]
[PlyCount "110"]
[GameId "2130307608064995"]
[EventDate "2019.06.19"]
[EventType "swiss"]
[EventRounds "9"]
[EventCountry "GER"]

1. d4 d5 2. Bf4 c6 3. e3 Nf6 4. Nd2 g6 5. Be2 Bg7 6. h3 Qb6 7. Qc1 c5 8. c3 Nc6 9. Ngf3 O-O 10. O-O Bf5 11. Ne5 Rac8 12. Nxc6 bxc6 13. Be5 Nd7 14. Bxg7 Kxg7 15. g4 Be6 16. f4 f6 17. Kg2 Bf7 18. Nf3 Rce8 19. Qd2 a5 20. h4 e5 21. fxe5 fxe5 22. Ng5 Bg8 23. Rxf8 Rxf8 24. Rf1 Re8 25. Bd1 h6 26. Nf3 e4 27. Ng1 Rb8 28. Rf2 cxd4 29. cxd4 Be6 30. Nh3 Nf6 31. g5 Bxh3+ 32. Kxh3 hxg5 33. hxg5 Nh7 34. Rg2 Rh8 35. Rg3 Nxg5+ 36. Kg2 Qd8 37. Qc3 Qc7 38. b3 Nf7 39. Bg4 Nd6 40. Qc5 Rf8 41. Qc3 Qf7 42. Qe1 Nf5 43. Bxf5 Qxf5 44. Qe2 Rf7 45. Qe1 g5 46. Qe2 Kg6 47. Kg1 Rf8 48. Kg2 Qf3+ 49. Rxf3 exf3+ 50. Qxf3 Rxf3 51. Kxf3 Kf5 52. e4+ dxe4+ 53. Ke3 g4 54. a3 g3 55. b4 a4 0-1

[Event "Bad Homburg op"]
[Site "Bad Homburg GER"]
[Date "2019.06.20"]
[Round "3"]
[White "Golubka, Petro"]
[Black "Nagel, Bernhard"]
[Result "1/2-1/2"]
[WhiteElo "2498"]
[BlackElo "2188"]
[WhiteFideId "-1"]
[BlackFideId "-1"]
[PlyCount "129"]
[GameId "2130307608064997"]
[EventDate "2019.06.19"]
[EventType "swiss"]
[EventRounds "9"]
[EventCountry "GER"]

1. e4 e5 2. Nf3 Nc6 3. Bb5 a6 4. Ba4 Nf6 5. O-O Be7 6. Re1 b5 7. Bb3 d6 8. c3 O-O 9. h3 Na5 10. Bc2 c5 11. d4 Qc7 12. Nbd2 cxd4 13. cxd4 Nc6 14. a3 exd4 15. Nb3 Re8 16. Nbxd4 Ne5 17. Bg5 h6 18. Bh4 Bd7 19. Rc1 Rac8 20. Bg3 Bf8 21. Nh4 Qb8 22. Nhf5 g6 23. Bh4 Nh7 24. Ne3 Nc4 25. Nxc4 bxc4 26. Rb1 Qb6 27. f3 Qc5 28. Bf2 Qg5 29. Be3 Qf6 30. f4 Qe7 31. Bf2 Bg7 32. Nf3 Bc6 33. e5 Bxf3 34. Qxf3 dxe5 35. fxe5 Bxe5 36. Ba4 Red8 37. Qe4 f6 38. Qxg6+ Qg7 39. Qf5 Kh8 40. Bc2 Rb8 41. Re4 Rb5 42. Qg4 Qxg4 43. Rxg4 c3 44. b4 Rbd5 45. Kf1 Rd2 46. Rc1 Ng5 47. Be1 R2d4 48. Rxd4 Rxd4 49. Ke2 Rd6 50. Rd1 Rc6 51. Bf2 Ne6 52. g3 Ng5 53. h4 Nf7 54. Rd7 Nd6 55. Be3 Nb5 56. a4 Na3 57. Be4 Rc4 58. Bd5 Rxb4 59. Bxh6 Rg4 60. Rd8+ Kh7 61. Bc1 Nc2 62. Rd7+ Kh8 63. Rd8+ Kh7 64. Rd7+ Kh8 65. Rd8+ 1/2-1/2

[Event "Bad Homburg op"]
[Site "Bad Homburg GER"]
[Date "2019.06.22"]
[Round "6"]
[White "Diyap, Murat"]
[Black "Golubka, Petro"]
[Result "1/2-1/2"]
[WhiteElo "2111"]
[BlackElo "2498"]
[WhiteFideId "-1"]
[BlackFideId "-1"]
[PlyCount "52"]
[GameId "2130307608065005"]
[EventDate "2019.06.19"]
[EventType "swiss"]
[EventRounds "9"]
[EventCountry "GER"]

1. e4 c5 2. Nf3 d6 3. d4 cxd4 4. Nxd4 Nf6 5. Nc3 a6 6. Bg5 e6 7. Be2 Be7 8. Qd2 O-O 9. O-O b5 10. a3 Bb7 11. Qe3 Nbd7 12. Rad1 Rc8 13. Kh1 Qc7 14. f4 Qb8 15. Bd3 Rc5 16. Rde1 Rxg5 17. fxg5 Ng4 18. Qg3 Nge5 19. Nf3 Rc8 20. Nxe5 Nxe5 21. Ne2 Rc5 22. Nd4 Qd8 23. Nf3 Ng6 24. h4 e5 25. Qf2 Nf4 26. g3 Nxd3 1/2-1/2

[Event "Bad Homburg op"]
[Site "Bad Homburg GER"]
[Date "2019.06.23"]
[Round "7"]
[White "Golubka, Petro"]
[Black "Nothnagel, Marian Can"]
[Result "1-0"]
[WhiteElo "2498"]
[BlackElo "2364"]
[WhiteFideId "-1"]
[BlackFideId "-1"]
[PlyCount "79"]
[GameId "2130307608065008"]
[EventDate "2019.06.19"]
[EventType "swiss"]
[EventRounds "9"]
[EventCountry "GER"]

1. e4 e6 2. d4 d5 3. Bd3 dxe4 4. Bxe4 Nf6 5. Bf3 c5 6. Ne2 Nc6 7. Be3 cxd4 8. Nxd4 Ne5 9. Nc3 Be7 10. Qe2 O-O 11. O-O-O Nxf3 12. Qxf3 Qc7 13. g4 Qc4 14. g5 Nd5 15. Nf5 exf5 16. Nxd5 Bd8 17. Rhg1 Be6 18. b3 Qe4 19. Qxe4 fxe4 20. h4 b5 21. Nc3 Ba5 22. Nxb5 a6 23. Nd6 Bb4 24. Nxe4 Rfc8 25. Kb2 a5 26. a4 Bf5 27. f3 Re8 28. Bd2 Bxe4 29. fxe4 Rxe4 30. Bxb4 axb4 31. h5 Kf8 32. g6 hxg6 33. hxg6 fxg6 34. Rdf1+ Kg8 35. Rxg6 Rc8 36. Rf2 Rc7 37. Rfg2 Rb7 38. a5 Kh7 39. a6 Rc7 40. Rb6 1-0

[Event "Rhein Main op-A 22nd"]
[Site "Bad Homburg"]
[Date "2019.06.21"]
[Round "4"]
[White "Schmid, Roland1"]
[Black "Golubka, Petro"]
[Result "1/2-1/2"]
[WhiteElo "2274"]
[BlackElo "2498"]
[WhiteFideId "-1"]
[BlackFideId "-1"]
[PlyCount "84"]
[GameId "1406936046608384"]
[EventDate "2019.06.19"]
[EventType "swiss"]
[EventRounds "9"]
[EventCountry "GER"]
[SourceTitle "EXT 2020"]
[Source "ChessBase"]
[SourceDate "2019.10.17"]
[SourceVersion "1"]
[SourceVersionDate "2019.10.17"]
[SourceQuality "1"]

1. Nf3 b6 2. g3 Bb7 3. Bg2 e6 4. c4 f5 5. O-O Nf6 6. d4 g6 7. b3 Bg7 8. Bb2 Ne4 9. Qc2 O-O 10. Nbd2 Nxd2 11. Nxd2 Bxg2 12. Kxg2 a5 13. a3 Na6 14. Rfd1 Qe7 15. Nf3 c6 16. Qd2 d6 17. d5 Bxb2 18. Qxb2 exd5 19. cxd5 c5 20. Kg1 Rfe8 21. e3 Nb8 22. Qe2 a4 23. bxa4 Nd7 24. Qb5 Ra5 25. Qc6 Rea8 26. Nd2 b5 27. axb5 Ne5 28. Qb6 Nd7 29. Qc6 Ne5 30. Qb6 Rxa3 31. Rxa3 Rxa3 32. Qb8+ Kg7 33. b6 Ra2 34. Qc7 Kf6 35. Qxe7+ Kxe7 36. b7 Nd7 37. Nc4 Ra4 38. Nb6 Rb4 39. Nc8+ Kd8 40. Nxd6 Kc7 41. b8=Q+ Rxb8 42. Nc4 Rb4 1/2-1/2

[Event "Titled Tuesday 2019.06.04"]
[Site "Chess.com INT"]
[Date "2019.06.04"]
[Round "2"]
[White "Radzhabov, Rodion"]
[Black "Golubka, Petro"]
[Result "0-1"]
[WhiteElo "2404"]
[BlackElo "2498"]
[WhiteFideId "-1"]
[BlackFideId "-1"]
[PlyCount "72"]
[GameId "1515679643697152"]
[EventDate "2019.06.04"]
[EventType "swiss (blitz)"]
[EventRounds "10"]
[EventCountry "NET"]
[SourceTitle "EXT 2021"]
[Source "ChessBase"]
[SourceDate "2020.10.23"]
[SourceVersion "1"]
[SourceVersionDate "2020.10.23"]
[SourceQuality "1"]

1. e4 Nf6 2. e5 Nd5 3. Nc3 Nb6 4. f4 d6 5. Nf3 g6 6. d4 Bg7 7. a4 a5 8. Be2 O-O 9. O-O Nc6 10. Be3 Nb4 11. d5 dxe5 12. Bxb6 cxb6 13. fxe5 Bg4 14. Re1 Rc8 15. h3 Bf5 16. Nd4 Bxe5 17. Nxf5 gxf5 18. Bd3 Nxd3 19. Qxd3 Qd6 20. Qxf5 Bg7 21. Re4 Kh8 22. Rae1 Qc5+ 23. Kh1 e6 24. Qg5 exd5 25. Nxd5 Qxc2 26. Rg4 Qxb2 27. Nxb6 Rce8 28. Rf1 f5 29. Nc4 Qf6 30. Rxf5 Re1+ 31. Kh2 Qxg5 32. Rfxg5 Bh6 33. Rxa5 Bf4+ 34. g3 Bc7 35. h4 Rf2+ 36. Kh3 Rh1# 0-1

[Event "Titled Tuesday 2019.06.04"]
[Site "Chess.com INT"]
[Date "2019.06.04"]
[Round "3"]
[White "Golubka, Petro"]
[Black "Havlik, Jan"]
[Result "1/2-1/2"]
[WhiteElo "2498"]
[BlackElo "2388"]
[WhiteFideId "-1"]
[BlackFideId "-1"]
[PlyCount "51"]
[GameId "1515679644254208"]
[EventDate "2019.06.04"]
[EventType "swiss (blitz)"]
[EventRounds "10"]
[EventCountry "NET"]
[SourceTitle "EXT 2021"]
[Source "ChessBase"]
[SourceDate "2020.10.23"]
[SourceVersion "1"]
[SourceVersionDate "2020.10.23"]
[SourceQuality "1"]

1. d4 Nf6 2. c4 g6 3. Nc3 Bg7 4. e4 d6 5. Nf3 O-O 6. h3 e5 7. d5 Na6 8. Be3 Nc5 9. Nd2 a5 10. Be2 c6 11. O-O cxd5 12. cxd5 b6 13. a3 Ba6 14. Bxa6 Nxa6 15. Qe2 Nh5 16. Nc4 Nc5 17. b4 axb4 18. axb4 Rxa1 19. Rxa1 Nf4 20. Bxf4 exf4 21. bxc5 Bxc3 22. Rc1 Bd4 23. cxb6 Bxb6 24. Nxb6 Qxb6 25. e5 dxe5 26. Qxe5 1/2-1/2